000 00440nam a22001697a 4500
003 MACL
005 20160129141353.0
008 160129b xxu||||| |||| 00| 0 eng d
040 _cMACL
041 _aEnglish
082 _a658/VER
100 _aVerma R.P
_935343
245 _aCAT Entrance Guide For Indian Institutes Of Management
260 _aNew Delhi
_bAsian Books
_c2002
650 _aGeneral Management
_97116
942 _2ddc
_cBK
999 _c52911
_d52911